000 00311nam a2200121Ia 4500
008 191201s2019 xx 000 0 und d
100 _aJAIN, RK
245 0 _aProduction Technology Manufacturing System vol. 2
250 _a19Th edi.
260 _bKhanna Publisher
_aNew Delhi
300 _a574
942 _2ddc
_cBK
999 _c8181
_d8181